| 000 | 01300cam a22002415a 4500 | ||
|---|---|---|---|
| 001 | L145784 | ||
| 008 | 081106s2008 xxkao f 000 0 eng d | ||
| 035 | _a(Sirsi) u145784 | ||
| 041 | 0 | _aeng | |
| 050 | 0 | 4 | _a333.72 $2 18 |
| 110 | 2 |
_aTown and Country Planning Association _93022 |
|
| 245 | 0 | 0 |
_aPolicy advice note _bgarden city settlements _h[electronic resource] |
| 260 |
_aLondon _bTCPA _c2008 |
||
| 505 | 2 | _aIntroduction -- What is a garden city or garden suburb? -- Care and management -- Sources of pressure -- Advice -- The way forward | |
| 520 | _aPolicy advice note created as a result of the Garden City Settlements Project. Identifies the pressures faced by garden city settlements that might erode their essential elements and suggests ways of mitigating and alleviating them. The garden cities movement was a radical departure from previous planning models and the preservation of these environments may prove vital for future study and the eventual success of eco-towns. | ||
| 521 | _aAdvanced | ||
| 590 | _aKA | ||
| 650 | 2 | 4 | _aECO-TOWNS |
| 651 | 4 |
_aEngland and Wales _y1543- |
|
| 690 | _aENVIRONMENTAL AND LAND CONSULTANCY-SUSTAINABILITY-SUSTAINABLE DEVELOPMENT | ||
| 856 | 4 | 0 |
_uhttps://www.tcpa.org.uk/ _zView the item free of charge online at www.tcpa.org.uk... |
| 942 | _n0 | ||
| 999 |
_c108920 _d108920 |
||